000
00322 a2200157 4500
001
195147
020
_a
9788551303863
040
_c
Magnum
100
_a
Veiga, José J.
240
1
0
_a
Quarteto mágico
_l
245
1
0
_a
Quarteto mágico
300
_a
174
362
0
_a
2018
697
_a
LITERATURA GERAL
942
_c
BK
999
_c
195147
_d
195147